000 01044nam0a2200337 4500
001 RU\NLR\bibl\271831
005 20250620133134.0
010 _a5-17-008806-X
_98000
021 _aRU
_b2002-5247
_9254
035 _a(NLR Aleph) 000267369
090 _a1562806
_c1562806
100 _a20020517d2002 |||y0rusy50 ca
101 0 _arus
102 _aRU
105 _ay |||||||||
200 1 _aЛюди полной луны
_e[Роман]
_fАлександр Экштейн
210 _aМ.
_cАСТ
_d2002
215 _a445,[1] с.
_d21
610 0 _aНаучно-фантастические романы и рассказы (х. л.)
675 _a821.161.1-31Экштейн
_v3
_zrus
686 _a17.82
_2rugasnti
686 _a84(2Рос-Рус)6-44
_2rubbk
686 _aШ6(2=Р)75-445
700 1 _aЭкштейн
_bА.
_gАлександр
_4070
801 0 _aRU
_bRKP
_c20020517
_gPSBO
801 1 _aRU
_bRKP
_c20020517
801 2 _aRU
_bNLR
_c20020709
_grcr
942 _cBOOK
980 _aNB